00618nam a2200205 a 450000100060000000300080000600500170001400800410003103500190007204000320009104100080012308200220013124500620015326000590021530000330027450400270030765000190033465000330035370000260038612553BD-RjUL20211208235320.0140129s1950 nyua b 001 0 eng d a(BD-RjUL)12602 aDLCcDLCdDLCdBD-RjULbeng aeng00a592bSEL 195022310aSelected invertebrate types /cedited by Frank A. Brown, aNew York ;aTokyo :bWiley,cc1950 [Reprint 1962-1967] axx, 597 p. :bill. ;c23 cm. aBibliography and index 0aInvertebrates. 0aZoologyvLaboratory manuals. aBrown, Frank A. , ed.